000 00666nam a2200193 i 4500
001 31847
003 ES-MaACL
005 20240925131843.0
007 t|
008 030130s1965 mx ||||1| spa d
100 1 _aBeckwith, John.
_926967
245 1 3 _aEl primer arte medieval /
_cJohn Beckwith ; [traducción de Concha de Marco ; dirección y revisión Juan Antonio Gaya Nuño].
260 _aMéxico, etc. :
_bHermes,
_c1965.
300 _a273 p., 4 lám. :
_bil. ;
_c21 cm.
700 0 _aMarco, Concha de,
_d1916-
_976456
700 0 _aGaya Nuño, Juan Antonio,
_d1913-1976
_956130
852 _aES-MaACL
_jC-29269
_bR.59736
999 _c31847
_d31847